<?xml version="1.0" encoding="UTF-8"?>
<record
    xmlns:xsi="http://www.w3.org/2001/XMLSchema-instance"
    xsi:schemaLocation="http://www.loc.gov/MARC21/slim http://www.loc.gov/standards/marcxml/schema/MARC21slim.xsd"
    xmlns="http://www.loc.gov/MARC21/slim">

  <leader>00697nam a22001577a 4500</leader>
  <controlfield tag="003">OSt</controlfield>
  <controlfield tag="005">20161110111709.0</controlfield>
  <controlfield tag="008">161110b        xxu||||| |||| 00| 0 eng d</controlfield>
  <datafield tag="040" ind1=" " ind2=" ">
    <subfield code="c">RUA</subfield>
  </datafield>
  <datafield tag="082" ind1=" " ind2=" ">
    <subfield code="a">LMA KEO 2015 B529 Or.1</subfield>
  </datafield>
  <datafield tag="100" ind1=" " ind2=" ">
    <subfield code="9">11247</subfield>
    <subfield code="a">KEO PISEY; &#x1780;&#x17C2;&#x179C; &#x1796;&#x17B7;&#x179F;&#x17B8;</subfield>
  </datafield>
  <datafield tag="245" ind1=" " ind2=" ">
    <subfield code="a">Study on slum in sangkat chrang cham res mouy, khan russry keo, phnom penh; &#x1780;&#x17B6;&#x179A;&#x179F;&#x17B7;&#x1780;&#x17D2;&#x179F;&#x17B6;&#x17A2;&#x17C6;&#x1796;&#x17B8;&#x179F;&#x17C6;&#x178E;&#x1784;&#x17CB;&#x1794;&#x178E;&#x17D2;&#x178A;&#x17C4;&#x17C7;&#x17A2;&#x17B6;&#x179F;&#x1793;&#x17D2;&#x1793;&#x1793;&#x17C5;&#x179F;&#x1784;&#x17D2;&#x1780;&#x17B6;&#x178F;&#x17CB;&#x1785;&#x17D2;&#x179A;&#x17B6;&#x17C6;&#x1784;&#x1785;&#x17C6;&#x179A;&#x17C1;&#x17C7; &#x17E1; &#x1781;&#x178E;&#x17D2;&#x178C;&#x17AC;&#x179F;&#x17D2;&#x179F;&#x17B8;&#x1780;&#x17C2;&#x179C; &#x179A;&#x17B6;&#x1787;&#x1792;&#x17B6;&#x1793;&#x17B8;&#x1797;&#x17D2;&#x1793;&#x17C6;&#x1796;&#x17C1;&#x1789;</subfield>
  </datafield>
  <datafield tag="260" ind1=" " ind2=" ">
    <subfield code="a">PHNOM PENH</subfield>
    <subfield code="b">KEO </subfield>
    <subfield code="c">2015</subfield>
  </datafield>
  <datafield tag="300" ind1=" " ind2=" ">
    <subfield code="a">xi;41p.</subfield>
    <subfield code="b">ill.</subfield>
    <subfield code="c">29cm.</subfield>
  </datafield>
  <datafield tag="942" ind1=" " ind2=" ">
    <subfield code="2">ddc</subfield>
    <subfield code="c">LMA</subfield>
  </datafield>
  <datafield tag="999" ind1=" " ind2=" ">
    <subfield code="c">10819</subfield>
    <subfield code="d">10819</subfield>
  </datafield>
  <datafield tag="952" ind1=" " ind2=" ">
    <subfield code="0">0</subfield>
    <subfield code="1">0</subfield>
    <subfield code="2">ddc</subfield>
    <subfield code="4">0</subfield>
    <subfield code="6">LMA_KEO_2015_000000000000000_B529_OR_1</subfield>
    <subfield code="7">0</subfield>
    <subfield code="9">56557</subfield>
    <subfield code="a">LBB</subfield>
    <subfield code="b">LBB</subfield>
    <subfield code="c">B529</subfield>
    <subfield code="d">2016-11-10</subfield>
    <subfield code="o">LMA KEO 2015 B529 Or.1</subfield>
    <subfield code="p">A03259</subfield>
    <subfield code="r">2016-11-10</subfield>
    <subfield code="w">2016-11-10</subfield>
    <subfield code="y">LMA</subfield>
  </datafield>
  <datafield tag="952" ind1=" " ind2=" ">
    <subfield code="0">0</subfield>
    <subfield code="1">0</subfield>
    <subfield code="2">ddc</subfield>
    <subfield code="4">0</subfield>
    <subfield code="6">LMA_KEO_2015_000000000000000_B529_OR_2</subfield>
    <subfield code="7">0</subfield>
    <subfield code="9">56558</subfield>
    <subfield code="a">LBB</subfield>
    <subfield code="b">LBB</subfield>
    <subfield code="c">B529</subfield>
    <subfield code="d">2016-11-10</subfield>
    <subfield code="l">2</subfield>
    <subfield code="o">LMA KEO 2015 B529 Or.2</subfield>
    <subfield code="p">A03183</subfield>
    <subfield code="r">2021-07-28</subfield>
    <subfield code="s">2021-07-13</subfield>
    <subfield code="w">2016-11-10</subfield>
    <subfield code="y">LMA</subfield>
  </datafield>
  <datafield tag="952" ind1=" " ind2=" ">
    <subfield code="0">0</subfield>
    <subfield code="1">0</subfield>
    <subfield code="2">ddc</subfield>
    <subfield code="4">0</subfield>
    <subfield code="6">LMA_KEO_2015_000000000000000_B529_OR_3</subfield>
    <subfield code="7">0</subfield>
    <subfield code="9">56559</subfield>
    <subfield code="a">LBB</subfield>
    <subfield code="b">LBB</subfield>
    <subfield code="c">B529</subfield>
    <subfield code="d">2016-11-10</subfield>
    <subfield code="o">LMA KEO 2015 B529 Or.3</subfield>
    <subfield code="p">A03253</subfield>
    <subfield code="r">2016-11-10</subfield>
    <subfield code="w">2016-11-10</subfield>
    <subfield code="y">LMA</subfield>
  </datafield>
  <datafield tag="952" ind1=" " ind2=" ">
    <subfield code="0">0</subfield>
    <subfield code="1">0</subfield>
    <subfield code="2">ddc</subfield>
    <subfield code="4">0</subfield>
    <subfield code="6">LMA_KEO_2015_000000000000000_B529_OR_4</subfield>
    <subfield code="7">0</subfield>
    <subfield code="9">56560</subfield>
    <subfield code="a">LBB</subfield>
    <subfield code="b">LBB</subfield>
    <subfield code="c">B529</subfield>
    <subfield code="d">2016-11-10</subfield>
    <subfield code="l">1</subfield>
    <subfield code="o">LMA KEO 2015 B529 Or.4</subfield>
    <subfield code="p">A03116</subfield>
    <subfield code="r">2020-01-10</subfield>
    <subfield code="s">2019-12-04</subfield>
    <subfield code="w">2016-11-10</subfield>
    <subfield code="y">LMA</subfield>
  </datafield>
  <datafield tag="952" ind1=" " ind2=" ">
    <subfield code="0">0</subfield>
    <subfield code="1">0</subfield>
    <subfield code="2">ddc</subfield>
    <subfield code="4">0</subfield>
    <subfield code="6">LMA_KEO_2015_000000000000000_B529_OR_5</subfield>
    <subfield code="7">0</subfield>
    <subfield code="9">56561</subfield>
    <subfield code="a">LBB</subfield>
    <subfield code="b">LBB</subfield>
    <subfield code="c">B529</subfield>
    <subfield code="d">2016-11-10</subfield>
    <subfield code="o">LMA KEO 2015 B529 Or.5</subfield>
    <subfield code="p">A03020</subfield>
    <subfield code="r">2016-11-10</subfield>
    <subfield code="w">2016-11-10</subfield>
    <subfield code="y">LMA</subfield>
  </datafield>
  <datafield tag="952" ind1=" " ind2=" ">
    <subfield code="0">0</subfield>
    <subfield code="1">0</subfield>
    <subfield code="2">ddc</subfield>
    <subfield code="4">0</subfield>
    <subfield code="6">LMA_KEO_2015_000000000000000_B529_OR_6</subfield>
    <subfield code="7">0</subfield>
    <subfield code="9">56562</subfield>
    <subfield code="a">LBB</subfield>
    <subfield code="b">LBB</subfield>
    <subfield code="c">B529</subfield>
    <subfield code="d">2016-11-10</subfield>
    <subfield code="o">LMA KEO 2015 B529 Or.6</subfield>
    <subfield code="p">A03128</subfield>
    <subfield code="r">2016-11-10</subfield>
    <subfield code="w">2016-11-10</subfield>
    <subfield code="y">LMA</subfield>
  </datafield>
  <datafield tag="952" ind1=" " ind2=" ">
    <subfield code="0">0</subfield>
    <subfield code="1">0</subfield>
    <subfield code="2">ddc</subfield>
    <subfield code="4">0</subfield>
    <subfield code="6">LMA_KEO_2015_000000000000000_B529_OR_7</subfield>
    <subfield code="7">0</subfield>
    <subfield code="9">56563</subfield>
    <subfield code="a">LBB</subfield>
    <subfield code="b">LBB</subfield>
    <subfield code="c">B529</subfield>
    <subfield code="d">2016-11-10</subfield>
    <subfield code="o">LMA KEO 2015 B529 Or.7</subfield>
    <subfield code="p">A03052</subfield>
    <subfield code="r">2016-11-10</subfield>
    <subfield code="w">2016-11-10</subfield>
    <subfield code="y">LMA</subfield>
  </datafield>
</record>
